Statistics for Countries with most McDonald's restaurants per capita

Click here to take the quiz!

General Stats

  • This quiz has been taken 612 times
  • The average score is 15 of 20

Answer Stats

People per outletAnswerTotal restaurants% Correct
22,985United States14,146
100%
51,106United Kingdom1,274
99%
24,242Canada1,450
98%
45,708France1,419
96%
55,902Germany1,470
95%
42,598Japan2,975
94%
26,613Australia920
92%
69,797Netherlands245
87%
29,574New Zealand162
87%
44,546Sweden225
86%
53,505Ireland89
85%
44,520Austria196
80%
64,595Denmark89
80%
51,858Switzerland162
78%
44,856Singapore136
66%
56,949Taiwan413
63%
47,021Israel185
59%
57,973Kuwait75
33%
68,900Bahrain20
32%
63,388Cyprus18
28%

Score Distribution

Percentile by Number Answered

Percent of People with Each Score

Your Score History

You have not taken this quiz